000 00443nam a2200181Ia 4500
001 15295
005 20260306170145.0
008 260306t1996||||xx |||||||||||||| ||und||
041 _aESP
082 _a531.12
_bH441 1996
100 _aHibbeler, Rusell .C.
_eAUT
245 0 _aIngeniería mecánica:
_bestática
260 _c1996
300 _axvi, 574 páginas :
_c25 cm.
650 _aGEN
654 _aCCN
942 _cLIB
_dJUS
_fJUS
_2ddc
_n
999 _c15295
_d15295